| 000 | 00602nam a22002177a 4500 | ||
|---|---|---|---|
| 005 | 20201201112351.0 | ||
| 008 | 201201b ||||| |||| 00| 0 eng d | ||
| 020 | _a9788173394652 | ||
| 040 |
_aIN-DiNC _cIN-DiNC |
||
| 041 | _dasm | ||
| 082 |
_a954 _bHUS |
||
| 100 |
_aHussain, Tassadduque Amanul _eauthor |
||
| 245 |
_aBharat buranji: _badhuni jug: 1750-1947 _cby Tassadduque Amanul Hussain |
||
| 250 | _a1st ed. | ||
| 260 |
_aDibrugarh: _bBanalata, _c2009 |
||
| 300 | _a323p. | ||
| 650 | _aHistory | ||
| 650 | _aHistory of modern India | ||
| 650 | _aHistory of British India | ||
| 942 |
_2ddc _cBK |
||
| 999 |
_c11102 _d11102 |
||